The city assembled : (Record no. 163413)
[ view plain ]
| 000 -LEADER | |
|---|---|
| fixed length control field | 01006cam a2200289Ia 4500 |
| 008 - FIXED-LENGTH DATA ELEMENTS--GENERAL INFORMATION | |
| fixed length control field | |
| 020 ## - INTERNATIONAL STANDARD BOOK NUMBER | |
| International Standard Book Number | 0500281726 (pbk. ) |
| 049 ## - LOCAL HOLDINGS (OCLC) | |
| Holding library | MAIN |
| 090 ## - LOCALLY ASSIGNED LC-TYPE CALL NUMBER (OCLC); LOCAL CALL NUMBER (RLIN) | |
| Classification number (OCLC) (R) ; Classification number, CALL (RLIN) (NR) | HT111 KOS |
| 003 - CONTROL NUMBER IDENTIFIER | |
| control field | |
| 005 - DATE AND TIME OF LATEST TRANSACTION | |
| control field | 20230123134308.0 |
| 040 ## - CATALOGING SOURCE | |
| Transcribing agency | NUST |
| 100 1# - MAIN ENTRY--PERSONAL NAME | |
| Personal name | Kostof, Spiro. |
| 245 14 - TITLE STATEMENT | |
| Title | The city assembled : |
| Remainder of title | the elements of urban form through history / |
| Statement of responsibility, etc. | Spiro Kostof with the collaboration of Greg Castillo ; original drawings by Richard Tobias. |
| 260 ## - PUBLICATION, DISTRIBUTION, ETC. | |
| Place of publication, distribution, etc. | New York : |
| Name of publisher, distributor, etc. | Thames and Hudson, |
| Date of publication, distribution, etc. | 1999. |
| 300 ## - PHYSICAL DESCRIPTION | |
| Extent | 320 p. : |
| Other physical details | ill. (some col.), facsims., maps, plans ; |
| Dimensions | 26 cm. |
| 504 ## - BIBLIOGRAPHY, ETC. NOTE | |
| Bibliography, etc. note | Includes bibliographical references. |
| 500 ## - GENERAL NOTE | |
| General note | Includes index. |
| 500 ## - GENERAL NOTE | |
| General note | Originally published: London : Thames & Hudson, 1992. |
| 650 #0 - SUBJECT ADDED ENTRY--TOPICAL TERM | |
| Topical term or geographic name entry element | Cities and towns |
| General subdivision | History. |
| 650 #0 - SUBJECT ADDED ENTRY--TOPICAL TERM | |
| Topical term or geographic name entry element | City and town life. |
| 650 #0 - SUBJECT ADDED ENTRY--TOPICAL TERM | |
| Topical term or geographic name entry element | City planning. |
| 700 1# - ADDED ENTRY--PERSONAL NAME | |
| Personal name | Castillo, Greg. |
| 700 1# - ADDED ENTRY--PERSONAL NAME | |
| Personal name | Tobias, Richard. |
| 907 ## - LOCAL DATA ELEMENT G, LDG (RLIN) | |
| a | .b10209293 |
| b | 31-01-07 |
| c | 07-08-06 |
| 942 ## - ADDED ENTRY ELEMENTS (KOHA) | |
| Koha item type | Ordinary Loan Books |
| Call number prefix | HT111 KOS |
| Date last seen | Total Checkouts | Full call number | Barcode | Cost, replacement price | Price effective from | Koha item type | Lost status | Source of classification or shelving scheme | Damaged status | Not for loan | Collection | Withdrawn status | Home library | Current library | Shelving location | Date acquired | Cost, normal purchase price |
|---|---|---|---|---|---|---|---|---|---|---|---|---|---|---|---|---|---|
| 01/23/2023 | 11 | HT111 KOS | 92003011798 | 80.00 | 01/23/2023 | BOOKS | LCC | NFIC | MAIN | MAIN | GEN | 01/23/2023 | 80.00 |